000
00274nam a2200097Ia 4500
082
_a
325.3 MEMM
245
0
_a
The colonizer and the colonized
100
_a
MEMMI, Albert London, 2003 [3rd ed.]
_9
96474
942
_c
BK
008
210817s9999 xx 000 0 und d
999
_c
405394
_d
405393